[Event "LLHH 2122 Hamburger SK IV - Hamburger S"]
[Site "?"]
[Date "2021.10.31"]
[Round "1.2"]
[White "Groetzbach, Daniel"]
[Black "Hold, Andre"]
[Result "1-0"]
[WhiteElo "2070"]
[BlackElo "2093"]
[PlyCount "58"]
[EventDate "2021.??.??"]

1. e4 g6 2. d4 Bg7 3. Nc3 d6 4. Be3 Nf6 5. f3 Nc6 6. Nge2 a6 7. Qd2 e5 8. d5
Ne7 9. g4 h5 10. g5 Nd7 11. Nc1 b5 12. a4 b4 13. N3a2 a5 14. c3 bxc3 15. Nxc3
Nb6 16. Nb5 Bb7 17. Nb3 Nbxd5 18. exd5 Bxd5 19. Nxa5 Bxf3 20. Rg1 d5 21. Bc5
Nf5 22. Nb7 Qb8 23. Nxc7+ Kd7 24. Nxa8 Qxb7 25. Nb6+ Ke6 26. Bb5 Rd8 27. a5 Qc7
28. Rc1 f6 29. Bd6 Qxd6 1-0

[Event "LLHH 2122 Hamburger SK IV - Hamburger S"]
[Site "?"]
[Date "2021.10.31"]
[Round "1.4"]
[White "Luedke, Joshua"]
[Black "Gerigk, Wolf"]
[Result "0-1"]
[WhiteElo "2055"]
[BlackElo "2004"]
[PlyCount "56"]
[EventDate "2021.??.??"]

1. d4 g6 2. e4 Bg7 3. Nc3 c5 4. dxc5 Qa5 5. Nge2 Nf6 6. Ng3 h5 7. Bd3 Na6 8. e5
Ng4 9. f4 Nxc5 10. O-O Nxd3 11. cxd3 O-O 12. d4 d6 13. f5 dxe5 14. fxg6 exd4
15. gxf7+ Rxf7 16. Qb3 e6 17. Rxf7 Kxf7 18. h3 dxc3 19. hxg4 Qc5+ 20. Kh2 Be5
21. Bf4 Bxf4 22. Rf1 Qg5 23. Kg1 Kg8 24. Rxf4 Qxf4 25. Nxh5 Qd4+ 26. Kh2 cxb2
27. Qb5 Bd7 28. Qxb7 Rf8 0-1

[Event "LLHH 2122 Hamburger SK IV - Hamburger S"]
[Site "?"]
[Date "2021.10.31"]
[Round "1.5"]
[White "Schulz, Wolfgang"]
[Black "Juergens, Bernhard"]
[Result "1/2-1/2"]
[WhiteElo "1985"]
[BlackElo "2136"]
[PlyCount "30"]
[EventDate "2021.??.??"]

1. e4 e6 2. d4 d5 3. Nd2 Nf6 4. e5 Nfd7 5. Bd3 c5 6. c3 Nc6 7. Ne2 Qb6 8. Nf3
cxd4 9. cxd4 f6 10. exf6 Nxf6 11. O-O Bd6 12. a3 O-O 13. Nc3 Kh8 14. Na4 Qc7
15. Bg5 h6 1/2-1/2

[Event "LLHH 2122 Hamburger SK IV - Hamburger S"]
[Site "?"]
[Date "2021.10.31"]
[Round "1.6"]
[White "Atri, Jamshid"]
[Black "Emami, Madjid"]
[Result "1-0"]
[WhiteElo "1958"]
[BlackElo "1999"]
[PlyCount "77"]
[EventDate "2021.??.??"]

1. e4 g6 2. d4 Bg7 3. Nc3 c6 4. h4 d5 5. e5 h5 6. Bg5 Nh6 7. Qd2 Na6 8. Bxa6
bxa6 9. Na4 Rb8 10. O-O-O Rb5 11. Ne2 Nf5 12. Kb1 Qc7 13. Bf4 e6 14. f3 Bf8 15.
g4 Ng7 16. b3 c5 17. dxc5 Bxc5 18. Nd4 Rb4 19. Nxc5 Qxc5 20. Bg5 Bd7 21. Bf6
Rh7 22. Bg5 a5 23. c3 Rb8 24. Ka1 Kf8 25. Rc1 Kg8 26. Rhe1 Ne8 27. Qe3 Qb6 28.
Qd2 Nc7 29. gxh5 Rxh5 30. Rg1 Nb5 31. Nxb5 Bxb5 32. Bf6 Bc6 33. Rg5 Rh6 34. h5
Kh7 35. Rh1 Rg8 36. hxg6+ fxg6 37. Rxh6+ Kxh6 38. Rh5+ Kxh5 39. Qg5# 1-0

[Event "LLHH 2122 Hamburger SK IV - Hamburger S"]
[Site "?"]
[Date "2021.10.31"]
[Round "1.7"]
[White "Kleiner, Michael"]
[Black "Colpe, Helge"]
[Result "1/2-1/2"]
[WhiteElo "2102"]
[BlackElo "2040"]
[PlyCount "72"]
[EventDate "2021.??.??"]

1. e4 e5 2. Nf3 Nc6 3. Bb5 Nf6 4. O-O Nxe4 5. Re1 Nd6 6. Bxc6 dxc6 7. Nxe5 Be7
8. Qf3 O-O 9. d4 Bf6 10. c3 Re8 11. Bf4 Bf5 12. Nd2 Qc8 13. h3 a5 14. Nec4 Nxc4
15. Nxc4 Rxe1+ 16. Rxe1 Be6 17. Nd2 Qd7 18. a3 Be7 19. Qg3 Rc8 20. Ne4 Kh8 21.
Ng5 Bb3 22. Qh4 Bxg5 23. Qxg5 Re8 24. Rxe8+ Qxe8 25. Bxc7 Qe1+ 26. Kh2 h6 27.
Qe3 Qb1 28. Bxa5 Qxb2 29. Bb4 Qc2 30. Qg3 Kh7 31. Bf8 Qg6 32. Qxg6+ Kxg6 33.
Kg3 b5 34. Kf4 Kf6 35. h4 h5 36. Bd6 g6 1/2-1/2

[Event "LLHH 2122 Hamburger SK IV - Hamburger S"]
[Site "?"]
[Date "2021.10.31"]
[Round "1.8"]
[White "Salenko, Vadim"]
[Black "Bizzell, Brandon"]
[Result "1-0"]
[WhiteElo "1978"]
[BlackElo "2047"]
[PlyCount "102"]
[EventDate "2021.??.??"]

1. d4 d5 2. Nf3 Nf6 3. e3 c5 4. c3 Qb6 5. Bd3 Bg4 6. Nbd2 Nbd7 7. Qa4 cxd4 8.
exd4 a6 9. Ne5 Bh5 10. O-O e6 11. f4 Bd6 12. Kh1 Qd8 13. Qc2 O-O 14. Ndf3 b5
15. a3 Re8 16. h3 Nf8 17. Be3 N6d7 18. g4 Bg6 19. Nxg6 Nxg6 20. Ng5 Ndf8 21.
Rae1 Ra7 22. Qd2 h6 23. Nf3 Rc7 24. Ne5 Qh4 25. Rf3 Nh8 26. Rg1 Qd8 27. g5 h5
28. g6 f6 29. Nf7 Nxf7 30. gxf7+ Rxf7 31. f5 e5 32. dxe5 fxe5 33. Bg5 Qa8 34.
Be2 e4 35. Rff1 Bc5 36. Rg2 Rd7 37. Bxh5 Rb8 38. f6 d4 39. cxd4 Bxd4 40. fxg7
Ne6 41. Bf6 e3 42. Qd3 Qc6 43. Bg6 Ng5 44. Bxd4 e2 45. Re1 Rbd8 46. Qb3+ Qd5
47. Qxd5+ Rxd5 48. Rexe2 Rxd4 49. Rxg5 Kxg7 50. Rgg2 Kf6 51. Kh2 Rh8 1-0

[Event "LLHH 2122 TV Fischbek - Hamburger SK V"]
[Site "?"]
[Date "2021.11.21"]
[Round "2.1"]
[White "Fehling, Michael"]
[Black "Serrer, Christoph"]
[Result "1/2-1/2"]
[WhiteElo "2185"]
[BlackElo "2278"]
[PlyCount "56"]
[EventDate "2021.??.??"]

1. e4 e5 2. Nf3 Nc6 3. Bb5 a6 4. Ba4 Nf6 5. O-O Be7 6. Qe2 b5 7. Bb3 O-O 8. c3
d5 9. d3 Be6 10. Re1 Re8 11. Nbd2 h6 12. Nf1 Bf8 13. Ng3 Qd7 14. h3 Rad8 15.
Be3 d4 16. Bxe6 Rxe6 17. cxd4 Nxd4 18. Nxd4 exd4 19. Bd2 c5 20. f4 c4 21. f5
Ree8 22. dxc4 bxc4 23. Qxc4 Bd6 24. Nf1 Nxe4 25. Qxa6 Qxf5 26. Qe2 Re6 27. Qf3
Qd5 28. Bf4 Bb4 1/2-1/2

[Event "LLHH 2122 TV Fischbek - Hamburger SK V"]
[Site "?"]
[Date "2021.11.21"]
[Round "2.2"]
[White "de Voogt, Juergen"]
[Black "Hold, Andre"]
[Result "1-0"]
[WhiteElo "2239"]
[BlackElo "2076"]
[PlyCount "75"]
[EventDate "2021.??.??"]

1. e4 g6 2. Nc3 Bg7 3. g3 Nc6 4. Bg2 e5 5. Nge2 Nge7 6. d3 d6 7. Be3 Nd4 8. O-O
O-O 9. f4 Bg4 10. h3 exf4 11. gxf4 Nxe2+ 12. Nxe2 Be6 13. Nd4 Bd7 14. f5 Nc6
15. Nxc6 Bxc6 16. Qf3 gxf5 17. Qxf5 Qc8 18. Qg5 f6 19. Qh5 Qe6 20. Rf5 Be8 21.
Qh4 Bg6 22. Rb5 Qc8 23. Rf1 c6 24. Rb3 b6 25. Qg3 Qe6 26. h4 Rad8 27. Rc3 Qxa2
28. b3 c5 29. d4 Qb2 30. Bc1 Qa2 31. Bf4 Qa5 32. Rd3 cxd4 33. Bxd6 Rf7 34. Rxd4
Bf8 35. b4 Qa4 36. c3 Kh8 37. Be5 Rxd4 38. Bxd4 1-0

[Event "LLHH 2122 TV Fischbek - Hamburger SK V"]
[Site "?"]
[Date "2021.11.21"]
[Round "2.3"]
[White "Czeremin, Claus"]
[Black "Kneip, Jakob"]
[Result "1/2-1/2"]
[WhiteElo "2019"]
[BlackElo "2103"]
[PlyCount "79"]
[EventDate "2021.??.??"]

1. Nf3 d5 2. g3 Nf6 3. Bg2 Bf5 4. c4 e6 5. cxd5 exd5 6. Qb3 Qc8 7. O-O c6 8. d3
Be7 9. Bf4 Nbd7 10. Re1 O-O 11. Nc3 Nc5 12. Qc2 h6 13. Nd4 Bh7 14. b4 Ne6 15.
Nxe6 fxe6 16. a3 g5 17. Bc1 e5 18. e4 d4 19. Na4 Kg7 20. Rf1 Nh5 21. Nc5 Bg8
22. Qe2 Kg6 23. f4 gxf4 24. Bf3 Qh3 25. Bxh5+ Qxh5 26. Qxh5+ Kxh5 27. Nd7 fxg3
28. Nxf8 gxh2+ 29. Kxh2 Rxf8 30. Bd2 Rxf1 31. Rxf1 Be6 32. Kg3 Kg6 33. a4 h5
34. Kh2 Bb3 35. Rg1+ Kf7 36. a5 a6 37. Rf1+ Ke6 38. Kg3 Bc2 39. Rf3 Bd1 40. Rf2
1/2-1/2

[Event "LLHH 2122 TV Fischbek - Hamburger SK V"]
[Site "?"]
[Date "2021.11.21"]
[Round "2.4"]
[White "Brandt, Carina"]
[Black "Gerigk, Wolf"]
[Result "1-0"]
[WhiteElo "2078"]
[BlackElo "2007"]
[PlyCount "53"]
[EventDate "2021.??.??"]

1. e4 c5 2. Nf3 d6 3. d4 cxd4 4. Nxd4 Nf6 5. Nc3 a6 6. h3 e6 7. g4 h6 8. Bg2
Be7 9. Be3 Nfd7 10. Qd2 Qc7 11. O-O Nc6 12. f4 b5 13. Nxc6 Qxc6 14. e5 d5 15.
Nxd5 exd5 16. Bxd5 Qc7 17. Bxa8 g5 18. Bd5 Nb6 19. Bxb6 Qxb6+ 20. Kg2 O-O 21.
Qf2 Bc5 22. Qf3 Rd8 23. Rad1 Rxd5 24. Rxd5 Bb7 25. fxg5 Bxd5 26. Qxd5 hxg5 27.
Qxf7+ 1-0

[Event "LLHH 2122 TV Fischbek - Hamburger SK V"]
[Site "?"]
[Date "2021.11.21"]
[Round "2.5"]
[White "Schulz, Wolfgang"]
[Black "Schermer, Denis"]
[Result "1-0"]
[WhiteElo "2036"]
[BlackElo "1996"]
[PlyCount "139"]
[EventDate "2021.??.??"]

1. e4 c5 2. d4 cxd4 3. Nf3 d6 4. Nxd4 Nf6 5. Nc3 a6 6. Be3 e5 7. Nf3 h6 8. Bc4
Be7 9. O-O Be6 10. Bd5 Qc7 11. a4 Nbd7 12. a5 O-O 13. h3 Rac8 14. Nh2 Kh7 15.
Ng4 Nxg4 16. hxg4 g5 17. g3 Rg8 18. Kg2 Rg6 19. Rh1 Nf6 20. Bb6 Qd7 21. f3 Bxd5
22. Nxd5 Nxd5 23. exd5 f5 24. gxf5 Qxf5 25. c3 g4 26. Rf1 Qh5 27. fxg4 Rxg4 28.
Rf7+ Qxf7 29. Qxg4 Qxd5+ 30. Kh3 Rg8 31. Qd7 Rg7 32. Qf5+ Kh8 33. Rf1 Qg8 34.
Rf3 Qd5 35. Be3 h5 36. Bh6 Rh7 37. Bf8 Qg8 38. Bxe7 Rxe7 39. Qf6+ Qg7 40. Qxd6
Rd7 41. Qf8+ Qxf8 42. Rxf8+ Kg7 43. Rf5 Re7 44. Rxh5 Kg6 45. g4 e4 46. Kg2 e3
47. Kf1 Re4 48. Rf5 Rxg4 49. Rf3 Ra4 50. b4 Ra2 51. Rxe3 Kf6 52. Ke1 Rb2 53.
Kd1 Rh2 54. Re2 Rh3 55. Kc2 Rg3 56. Kb3 Rg4 57. Re3 Rh4 58. c4 Rh1 59. b5 axb5
60. cxb5 Ra1 61. Kb4 Ra2 62. Kc5 Rxa5 63. Kb6 Ra1 64. Kxb7 Rb1 65. b6 Rb2 66.
Kc7 Rc2+ 67. Kb8 Kf7 68. b7 Rc1 69. Ra3 Ke7 70. Ka8 1-0

[Event "LLHH 2122 TV Fischbek - Hamburger SK V"]
[Site "?"]
[Date "2021.11.21"]
[Round "2.6"]
[White "Rolf, Marco"]
[Black "Nugel, Karl-Heinz"]
[Result "1-0"]
[WhiteElo "2066"]
[BlackElo "2016"]
[PlyCount "35"]
[EventDate "2021.??.??"]

1. d4 Nf6 2. c4 g6 3. Nc3 d5 4. cxd5 Nxd5 5. Bd2 Bg7 6. e4 Nxc3 7. Bxc3 O-O 8.
Qd2 Nc6 9. Ne2 e6 10. h4 Ne7 11. h5 b6 12. O-O-O Ba6 13. hxg6 fxg6 14. Nf4 Bc8
15. g3 Rb8 16. Bc4 Qd6 17. d5 e5 18. Bb4 1-0

[Event "LLHH 2122 TV Fischbek - Hamburger SK V"]
[Site "?"]
[Date "2021.11.21"]
[Round "2.7"]
[White "Emami, Madjid"]
[Black "Egelriede, Nikolas"]
[Result "1/2-1/2"]
[WhiteElo "1971"]
[BlackElo "1855"]
[PlyCount "86"]
[EventDate "2021.??.??"]

1. Nf3 d5 2. e3 Nf6 3. c4 e6 4. b3 Be7 5. Bb2 O-O 6. g3 b6 7. Bg2 Bb7 8. O-O c5
9. Qe2 Nc6 10. cxd5 Nxd5 11. a3 Na5 12. Nc3 Nc7 13. Rfd1 Bf6 14. b4 cxb4 15.
axb4 Nc6 16. b5 Na5 17. d4 Nd5 18. h4 Rc8 19. Ne4 Be7 20. Ne5 Nb4 21. Ba3 f6
22. Bxb4 Bxb4 23. Nd3 Be7 24. Nf4 Qd7 25. d5 e5 26. Ne6 Rf7 27. h5 Bxd5 28.
Rxd5 Qxe6 29. h6 f5 30. Rad1 fxe4 31. Bxe4 Qxh6 32. Rd7 Kf8 33. Qd3 g5 34. Qd5
Qf6 35. Kg2 Qxf2+ 36. Kh1 Qf6 37. Bg2 Qh6+ 38. Kg1 Rc5 39. Qa8+ Kg7 40. Qxa7 g4
41. Rxe7 Qxe3+ 42. Kh2 Qh6+ 43. Kg1 Qe3+ 1/2-1/2

[Event "LLHH 2122 TV Fischbek - Hamburger SK V"]
[Site "?"]
[Date "2021.11.21"]
[Round "2.8"]
[White "Serrer, David"]
[Black "Kleiner, Michael"]
[Result "1/2-1/2"]
[WhiteElo "1603"]
[BlackElo "2092"]
[PlyCount "109"]
[EventDate "2021.??.??"]

1. e4 d6 2. d4 g6 3. Nc3 Bg7 4. Be3 Nf6 5. f4 O-O 6. Nf3 a6 7. Bd3 b5 8. a3 Bb7
9. O-O Nbd7 10. e5 Nd5 11. Nxd5 Bxd5 12. Qe1 e6 13. Qg3 c5 14. c3 Qc7 15. Qh4
f6 16. exd6 Qxd6 17. Rad1 c4 18. Bc2 f5 19. Rb1 Nf6 20. Bc1 Ne4 21. Bxe4 Bxe4
22. Ng5 h6 23. Nxe4 fxe4 24. Be3 a5 25. Rbe1 b4 26. axb4 axb4 27. Qg4 Kh7 28.
Bc1 Qd5 29. Qe2 bxc3 30. bxc3 Qa5 31. Qc2 Qa1 32. Bb2 Qa2 33. Rxe4 Rab8 34. Rf2
Rb6 35. Bc1 Qa1 36. Rf1 Rfb8 37. Re2 Rb3 38. Bd2 Rb2 39. Qe4 Qa2 40. Rd1 Rb1
41. Rxb1 Rxb1+ 42. Be1 Qa1 43. Kf2 Rb6 44. Rc2 Qa5 45. Qe2 Qf5 46. Ke3 h5 47.
g3 Bh6 48. h4 e5 49. dxe5 Qxe5+ 50. Kf3 Qf5 51. Qe7+ Bg7 52. Re2 Rb1 53. Kg2
Qd3 54. Kf2 Rc1 55. Qe3 1/2-1/2

[Event "LLHH 2122 Hamburger SK VI - Hamburger S"]
[Site "?"]
[Date "2021.12.04"]
[Round "2.1"]
[White "Weihrauch, Jakob"]
[Black "Engel, Robert"]
[Result "0-1"]
[WhiteElo "2053"]
[BlackElo "2119"]
[PlyCount "80"]
[EventDate "2021.??.??"]

1. e4 c5 2. Nf3 d6 3. d4 cxd4 4. Nxd4 Nf6 5. Nc3 Nc6 6. Bg5 e6 7. Qd3 Bd7 8. f4
a6 9. O-O-O Be7 10. Nf3 Qc7 11. e5 dxe5 12. Nxe5 Rd8 13. Qg3 h6 14. Bxf6 gxf6
15. Qg7 Rf8 16. Nd3 Nd4 17. Qxh6 Ba3 18. Kb1 Bxb2 19. Nxb2 Qxc3 20. Bd3 Ke7 21.
Qh4 Bc6 22. Qf2 Bd5 23. Qd2 Nb5 24. Ka1 Qa3 25. c4 Nc3 26. Qxc3 Qxc3 27. cxd5
Rxd5 28. Rc1 Rxd3 29. Rxc3 Rxc3 30. Na4 Rc2 31. g3 Rh8 32. h4 b5 33. Nb2 Rg2
34. Rc1 Rxg3 35. a4 Rxh4 36. Rc7+ Kd6 37. Rxf7 Rxf4 38. Ra7 Ra3+ 39. Kb1 Rf1+
40. Kc2 Rf2+ 0-1

[Event "LLHH 2122 Hamburger SK VI - Hamburger S"]
[Site "?"]
[Date "2021.12.04"]
[Round "2.3"]
[White "Meier, David Geffrey"]
[Black "Garner, Isaac"]
[Result "0-1"]
[WhiteElo "2094"]
[BlackElo "2159"]
[PlyCount "38"]
[EventDate "2021.??.??"]

1. d4 Nf6 2. c4 e6 3. Nc3 Bb4 4. e3 O-O 5. Bd3 d5 6. Nf3 c5 7. a3 Bxc3+ 8. bxc3
b6 9. O-O Ba6 10. cxd5 exd5 11. Bxa6 Nxa6 12. c4 cxd4 13. Nxd4 dxc4 14. Qa4 Qc8
15. Nc6 Nc5 16. Qb5 Qe8 17. Bb2 a6 18. Qxb6 Na4 19. Qc7 Nxb2 0-1

[Event "LLHH 2122 Hamburger SK VI - Hamburger S"]
[Site "?"]
[Date "2021.12.04"]
[Round "2.4"]
[White "Meyling, Lennart"]
[Black "Baberz, Alexander"]
[Result "1-0"]
[WhiteElo "2068"]
[BlackElo "1986"]
[PlyCount "73"]
[EventDate "2021.??.??"]

1. d4 d5 2. c4 e6 3. Nc3 Nf6 4. cxd5 exd5 5. Bg5 c6 6. Qc2 Na6 7. e3 Nb4 8. Qb1
g6 9. Qd1 Bf5 10. Rc1 Bg7 11. a3 Na6 12. Bxa6 bxa6 13. Qa4 Qd7 14. Qxa6 O-O 15.
Nge2 Rfb8 16. Na4 Ne4 17. Bf4 Rc8 18. f3 Nd6 19. Ng3 Nc4 20. b3 Nd6 21. O-O Nb5
22. Nc5 Qe7 23. Nxf5 gxf5 24. Kh1 Bf6 25. a4 Nd6 26. Nd3 Qb7 27. Qa5 Ne8 28.
Qc3 Ng7 29. Nc5 Qe7 30. Qd3 Bg5 31. Bxg5 Qxg5 32. e4 fxe4 33. fxe4 Ne6 34. Nd7
Qg6 35. Rf6 Qxe4 36. Qg3+ Kh8 37. Ne5 1-0

[Event "LLHH 2122 Hamburger SK VI - Hamburger S"]
[Site "?"]
[Date "2021.12.04"]
[Round "2.5"]
[White "Juergens, Bernhard"]
[Black "von Krosigk, Florian"]
[Result "1/2-1/2"]
[WhiteElo "2143"]
[BlackElo "1951"]
[PlyCount "51"]
[EventDate "2021.??.??"]

1. f4 d5 2. Nf3 c5 3. g3 Nf6 4. Bg2 b6 5. O-O Bb7 6. d3 e6 7. e4 dxe4 8. Ng5
Nc6 9. dxe4 Qxd1 10. Rxd1 Nd4 11. Na3 h6 12. e5 Bxg2 13. Kxg2 hxg5 14. exf6
gxf4 15. Bxf4 gxf6 16. c3 Nc6 17. Nb5 Rd8 18. Bc7 Rxd1 19. Rxd1 Be7 20. Bf4 e5
21. Nc7+ Kf8 22. Be3 f5 23. Nb5 Ke8 24. Nc7+ Kf8 25. Nb5 Ke8 26. Nc7+ 1/2-1/2

[Event "LLHH 2122 Hamburger SK VI - Hamburger S"]
[Site "?"]
[Date "2021.12.04"]
[Round "2.6"]
[White "Klaas, Heiko"]
[Black "Atri, Jamshid"]
[Result "0-1"]
[WhiteElo "2078"]
[BlackElo "1969"]
[PlyCount "98"]
[EventDate "2021.??.??"]

1. e4 d6 2. d4 Nf6 3. Nc3 e5 4. dxe5 dxe5 5. Qxd8+ Kxd8 6. Bg5 Be6 7. O-O-O+
Nbd7 8. Nf3 Kc8 9. a3 a6 10. Bh4 h6 11. Nd2 b5 12. f3 c6 13. Bf2 Kc7 14. g3 g5
15. h4 Be7 16. Bg2 Nh5 17. hxg5 hxg5 18. Nf1 a5 19. a4 b4 20. Ne2 b3 21. Ne3
bxc2 22. Nxc2 Nc5 23. Nc3 Nf6 24. Be3 Rxh1 25. Bxh1 Nfd7 26. f4 gxf4 27. gxf4
f6 28. Bf3 Rh8 29. Rh1 Rxh1+ 30. Bxh1 Nd3+ 31. Kb1 Nxf4 32. Bxf4 exf4 33. Nd4
Bg4 34. Kc2 Ne5 35. Bg2 Bc5 36. Nb3 Bb6 37. Bf1 Kd6 38. Nc1 f3 39. b3 Bd4 40.
Nd3 Nxd3 41. Kxd3 Bxc3 42. Kxc3 Kc5 43. Kd2 Kd4 44. b4 axb4 45. a5 c5 46. a6
Bc8 47. a7 Bb7 48. Ba6 Bxe4 49. Bd3 Ba8 0-1

[Event "LLHH 2122 Hamburger SK VI - Hamburger S"]
[Site "?"]
[Date "2021.12.04"]
[Round "2.7"]
[White "Salenko, Vadim"]
[Black "Huo, Da"]
[Result "1-0"]
[WhiteElo "1990"]
[BlackElo "1886"]
[PlyCount "81"]
[EventDate "2021.??.??"]

1. d4 Nf6 2. e3 e6 3. Bd3 c5 4. c3 d5 5. Nd2 Nc6 6. f4 Nd7 7. Ngf3 f5 8. O-O
Be7 9. Ne5 Ndxe5 10. fxe5 O-O 11. Qh5 Bd7 12. g4 Qe8 13. Qxe8 Raxe8 14. gxf5
exf5 15. Nf3 c4 16. Be2 g5 17. b3 b5 18. a4 a6 19. Ba3 h6 20. Nd2 Bxa3 21. Rxa3
Rb8 22. axb5 axb5 23. b4 Rb6 24. Bf3 Be6 25. Bg2 Kg7 26. Rfa1 Rfb8 27. Ra8 Kf7
28. R1a6 Rxa6 29. Rxa6 Ne7 30. Nb1 Bd7 31. Na3 Kg7 32. Ra7 Rd8 33. e6 Bxe6 34.
Rxe7+ Kf6 35. Ra7 f4 36. exf4 gxf4 37. Ra6 Ke7 38. Nxb5 Rg8 39. Kf2 Rf8 40. Nc7
Bg4 41. Nxd5+ 1-0

[Event "LLHH 2122 SK Weisse Dame - SC Königssp"]
[Site "?"]
[Date "2021.11.21"]
[Round "2.1"]
[White "Harder, Clemens"]
[Black "Popist, Florian"]
[Result "0-1"]
[WhiteElo "2134"]
[BlackElo "2121"]
[PlyCount "78"]
[EventDate "2021.??.??"]

1. d4 Nf6 2. c4 c5 3. d5 b5 4. cxb5 a6 5. bxa6 Bxa6 6. Nc3 d6 7. Nf3 g6 8. e4
Bxf1 9. Kxf1 Bg7 10. g3 O-O 11. h3 Nbd7 12. Kg2 Qa5 13. Re1 Rfb8 14. Re2 Ne8
15. Qc2 Nc7 16. Bg5 Rxb2 17. Qxb2 Bxc3 18. Qc1 Bxa1 19. Qxa1 f6 20. Bc1 Qa4 21.
a3 Rb8 22. Nd2 Nb5 23. Bb2 c4 24. Nf3 Rc8 25. Re3 Nc5 26. Qc1 Rc7 27. Qb1 Rb7
28. Qc1 Rc7 29. Qb1 Nd3 30. Nd4 Rb7 31. Qa1 Nxd4 32. Bxd4 Qc2 33. Qf1 Rb1 34.
Qe2 Qc1 35. Kf3 Qh1+ 36. Kg4 h5+ 37. Kh4 g5+ 38. Kxh5 Qxh3+ 39. Kg6 Qh7# 0-1

[Event "LLHH 2122 SK Weisse Dame - SC Königssp"]
[Site "?"]
[Date "2021.11.21"]
[Round "2.2"]
[White "Schoeneshoefer, Adrian"]
[Black "Conrad, Christian"]
[Result "1-0"]
[WhiteElo "2010"]
[BlackElo "2080"]
[PlyCount "149"]
[EventDate "2021.??.??"]

1. e4 e6 2. d4 d5 3. exd5 exd5 4. Nf3 Bd6 5. c4 Nf6 6. Nc3 O-O 7. cxd5 Nbd7 8.
Bg5 Nb6 9. Be2 Be7 10. O-O Nbxd5 11. Re1 c6 12. Qb3 h6 13. Bh4 Nf4 14. Bf1 b5
15. Bg3 Be6 16. Qc2 N4d5 17. Ne5 Rc8 18. Ng6 Re8 19. Nxe7+ Qxe7 20. Ne4 Nxe4
21. Qxe4 Qd7 22. a3 Nf6 23. Qh4 Bf5 24. Be5 Ng4 25. h3 Nxe5 26. Rxe5 Rxe5 27.
dxe5 c5 28. Qf4 c4 29. Rc1 Bd3 30. Qd2 Rd8 31. Rd1 Qd4 32. Qc3 Qd5 33. Be2 a6
34. Bf3 Qd4 35. Bb7 Qb6 36. Bf3 a5 37. Qd2 Re8 38. Qf4 Qe6 39. Re1 b4 40. axb4
axb4 41. Bg4 Qb6 42. Rd1 Qa5 43. b3 Qxe5 44. Qxe5 Rxe5 45. bxc4 Bxc4 46. Rd4
Re1+ 47. Kh2 Rc1 48. Rd8+ Kh7 49. Rb8 b3 50. Bd7 g6 51. Ba4 Kg7 52. Kg3 Ra1 53.
Rb4 Be6 54. f3 Rc1 55. Rb7 Rc3 56. Rb6 Kf6 57. Rb5 Ke7 58. Rb6 Kd8 59. Rd6+ Kc7
60. Rd1 Kb6 61. h4 Ka5 62. Bxb3 Rxb3 63. h5 Rb5 64. hxg6 fxg6 65. Rh1 h5 66.
Kf4 Rf5+ 67. Ke3 Bd5 68. Rb1 Be6 69. Rb8 Rb5 70. Re8 Bf5 71. Rg8 Kb6 72. g4
hxg4 73. fxg4 Rb3+ 74. Kd2 Bb1 75. Rb8+ 1-0

[Event "LLHH 2122 SK Weisse Dame - SC Königssp"]
[Site "?"]
[Date "2021.11.21"]
[Round "2.3"]
[White "Cremer, Jochen"]
[Black "Mandelbaum, Peter-Rene"]
[Result "1/2-1/2"]
[WhiteElo "2107"]
[BlackElo "2074"]
[PlyCount "191"]
[EventDate "2021.??.??"]

1. c4 Nf6 2. Nc3 g6 3. e4 d6 4. g3 Bg7 5. Bg2 O-O 6. Nge2 e5 7. d3 Nc6 8. O-O
Nh5 9. Be3 f5 10. exf5 Bxf5 11. d4 Qd7 12. Nd5 Bg4 13. f3 Be6 14. Qd2 exd4 15.
Nxd4 Nxd4 16. Bxd4 Nf6 17. Rac1 Qf7 18. f4 Nxd5 19. Bxg7 Kxg7 20. cxd5 Bf5 21.
Qc3+ Qf6 22. Qxf6+ Kxf6 23. Rxc7 Rf7 24. Rfc1 Raf8 25. Bf3 Rxc7 26. Rxc7 Rf7
27. Rxf7+ Kxf7 28. g4 Bb1 29. a3 Kf6 30. Kf2 g5 31. fxg5+ Kxg5 32. Kg3 h6 33.
h4+ Kf6 34. Kf4 Bd3 35. Be4 Bf1 36. Bf3 Bd3 37. Bg2 Bc2 38. Be4 Ba4 39. Bf5 Bb3
40. Be6 Bc2 41. Bc8 b6 42. Be6 Bd1 43. Bf5 Bb3 44. Be4 Ba4 45. Bf5 Bb3 46. Be6
Ba4 47. Bc8 Bb3 48. Bb7 Bc2 49. Bc6 Bd3 50. g5+ hxg5+ 51. hxg5+ Kg6 52. Be8+
Kg7 53. Bh5 Bc2 54. Bf3 Kg6 55. Be2 Bb1 56. Bb5 Bc2 57. Bd7 Bd3 58. Be8+ Kg7
59. b4 Bc2 60. Bh5 Bb1 61. Ke3 Ba2 62. Ke4 Bb1+ 63. Kd4 Ba2 64. Be8 Bb3 65. Ke4
Bc2+ 66. Kf4 Bb1 67. a4 a5 68. bxa5 bxa5 69. Ke3 Ba2 70. Kd4 Bb3 71. Ke4 Bc2+
72. Ke3 Bb3 73. Kd4 Ba2 74. Bb5 Kf7 75. Bc4 Bb1 76. Bb3 Bf5 77. Kc4 Bd7 78. Bc2
Kg7 79. Kd4 Bg4 80. Ke3 Bd7 81. Kf4 Be8 82. Kg4 Bf7 83. Bb3 Kg6 84. Kf4 Be8 85.
Bc2+ Kg7 86. Ke3 Bd7 87. Kd4 Kf7 88. Kc3 Kg7 89. Kd4 Kf7 90. Ke4 Kg6 91. Kf4+
Kg7 92. Kg3 Be8 93. Kg4 Bf7 94. Bb3 Bg6 95. Kf4 Be8 96. Bc2 1/2-1/2

[Event "LLHH 2122 SK Weisse Dame - SC Königssp"]
[Site "?"]
[Date "2021.11.21"]
[Round "2.4"]
[White "Lansky, Georg"]
[Black "Moehrmann, Marcus"]
[Result "1/2-1/2"]
[WhiteElo "2010"]
[BlackElo "2042"]
[PlyCount "86"]
[EventDate "2021.??.??"]

1. e4 e5 2. Nf3 Nc6 3. d4 exd4 4. Nxd4 Bc5 5. Nxc6 bxc6 6. Bc4 Nf6 7. Nc3 O-O
8. O-O d6 9. Bg5 h6 10. Bh4 g5 11. Bg3 Bg4 12. Qd3 Nh5 13. Na4 Bb6 14. Nxb6
axb6 15. f4 Ra5 16. b4 Ra8 17. Qb3 b5 18. Bd3 Nxg3 19. hxg3 Qf6 20. c3 gxf4 21.
gxf4 Be6 22. Qc2 Ra3 23. e5 dxe5 24. Qc1 Rfa8 25. fxe5 Qg7 26. Rf2 Rxa2 27.
Rfxa2 Rxa2 28. Rxa2 Bxa2 29. Qf4 Bd5 30. Be4 Qg5 31. Qxg5+ hxg5 32. Bf5 f6 33.
exf6 Kf7 34. Kf2 Kxf6 35. Bc2 Ke5 36. g3 Kd6 37. Bd3 Bh1 38. Ke3 Kd5 39. Be2
Be4 40. Bf1 Ke5 41. Be2 Bf5 42. Bf3 Bd7 43. Be4 Be8 1/2-1/2

[Event "LLHH 2122 SK Weisse Dame - SC Königssp"]
[Site "?"]
[Date "2021.11.21"]
[Round "2.5"]
[White "Lock, Adrian"]
[Black "Ludwig, Jan"]
[Result "1-0"]
[WhiteElo "2074"]
[BlackElo "2047"]
[PlyCount "99"]
[EventDate "2021.??.??"]

1. e4 e6 2. d4 d5 3. Nc3 dxe4 4. Nxe4 Nd7 5. Nf3 Ngf6 6. Bd3 Be7 7. c3 O-O 8.
O-O b6 9. Nxf6+ Nxf6 10. Bg5 Bb7 11. Qe2 Qd6 12. Rad1 c5 13. Ba6 Bxa6 14. Qxa6
Rfd8 15. Qa4 Nd5 16. dxc5 Qxc5 17. Bxe7 Qxe7 18. Rd2 h6 19. Rfd1 a5 20. h3 Nf6
21. Qc6 Rab8 22. Rd4 Rdc8 23. Qb5 Rc5 24. Qd3 Qc7 25. Rd8+ Rxd8 26. Qxd8+ Qxd8
27. Rxd8+ Kh7 28. Kf1 Rd5 29. Rb8 Nd7 30. Rb7 Kg8 31. Ke2 Kf8 32. Nd2 Ne5 33.
b3 b5 34. Ra7 Nc6 35. Ra6 Rd6 36. Ke3 e5 37. c4 b4 38. c5 Rg6 39. Nc4 Ke7 40.
g3 f5 41. Nxa5 Kd7 42. g4 fxg4 43. hxg4 Rf6 44. Nxc6 Rxc6 45. Rxc6 Kxc6 46. Ke4
g6 47. Kxe5 Kxc5 48. f4 h5 49. f5 gxf5 50. gxh5 1-0

[Event "LLHH 2122 SK Weisse Dame - SC Königssp"]
[Site "?"]
[Date "2021.11.21"]
[Round "2.6"]
[White "Schiele, Lars"]
[Black "Schroeter, Baldur"]
[Result "0-1"]
[WhiteElo "2054"]
[BlackElo "2024"]
[PlyCount "86"]
[EventDate "2021.??.??"]

1. d4 Nf6 2. c4 Nc6 3. Nf3 e6 4. a3 d6 5. b4 g6 6. Bb2 Bg7 7. e3 O-O 8. Be2 Re8
9. O-O Qe7 10. Nc3 Nb8 11. e4 e5 12. d5 Nbd7 13. Ne1 Nf8 14. Bc1 h6 15. Be3 g5
16. c5 Ng6 17. g3 Bh3 18. Ng2 a5 19. Qc2 Rf8 20. Rfc1 Ne8 21. Rab1 axb4 22.
Rxb4 f5 23. f3 f4 24. Bf2 fxg3 25. hxg3 Bxg2 26. Kxg2 Qf6 27. Rf1 Rxa3 28. Rxb7
h5 29. cxd6 cxd6 30. Be3 h4 31. Qc1 Rxc3 32. Qxc3 hxg3 33. Qc8 Nf4+ 34. Bxf4
exf4 35. Qd7 Qf7 36. Qe6 Qxe6 37. dxe6 d5 38. exd5 Nd6 39. Rd7 Nf5 40. Kh3 Ne3
41. e7 Re8 42. Rc1 Kf7 43. d6 Rh8# 0-1